000 00738nam a2200265Ia 4500
005 20260302115757.0
008 008 260114s9999 xx 000 0 eng d
020 _a9781683934981
037 _aTextbook
040 _aCRL
040 _beng
040 _cCRL
041 _2eng
041 _aeng
084 _qCRL
100 _aEamon P. H. Keane & Peter Robson
_91122632
245 4 _aThe Ian Willock Collection on Law and Justice in the Twenty-First Century
260 _bBloomsbury
260 _bFairleigh Dickinson University Press
260 _c2023
650 _aLaw
856 _uhttps://doi.org/10.5040/9781683934981?locatt=label:secondary_bloomsburyCollections
942 _cEBOOK
999 _c1687430
_d1687430